Movies Quiz

Random Movies or Actress Quiz

Movie Cast Match (1982) Quiz Stats

 Plays Quiz Updated Oct 1, 2017

Challenge
Share
Tweet
Embed
Score 0/40 Timer 08:00
8 Plays Today
% Correct
Star Trek II: The Wrath of Khan
91.6%
Rocky III
88.5%
An Officer and a Gentleman
88.4%
Tootsie
85.2%
48 Hrs.
84.9%
Conan the Barbarian
84.8%
Blade Runner
83.1%
E.T. the Extra-Terrestrial
82.8%
The Best Little Whorehouse in Texas
82%
Gandhi
80.5%
Death Wish II
78.8%
First Blood
78.6%
Fast Times at Ridgemont High
78.4%
Sophie's Choice
76.1%
Airplane II: The Sequel
76.1%
The World According to Garp
72.4%
Victor Victoria
72.3%
Poltergeist
67.2%
Dead Men Don't Wear Plaid
65.3%
The King of Comedy
65.3%
% Correct
Grease 2
63.2%
TRON
62.2%
The Toy
61.8%
Night Shift
60.6%
The Dark Crystal
57.8%
The Verdict
57.5%
The Secret of NIMH
57.1%
A Midsummer Night's Sex Comedy
56.1%
The Year of Living Dangerously
53.8%
Pink Floyd: The Wall
52.5%
Annie
51.8%
Cat People
51.2%
Diner
50.7%
Firefox
49.4%
The Thing
49.3%
The Beastmaster
46.6%
My Favorite Year
41.6%
Author! Author!
39.5%
Deathtrap
38.3%
Missing
37.3%

You're not logged in!

Compare scores with friends on all Sporcle quizzes.
Join for Free
OR
Log In

You Might Also Like...

Show Comments

Extras

Top Quizzes Today


Score Distribution

Your Account Isn't Verified!

In order to create a playlist on Sporcle, you need to verify the email address you used during registration. Go to your Sporcle Settings to finish the process.

Report this User

Report this user for behavior that violates our Community Guidelines.

Details: